|
|
|
|
| LEADER |
00000cam a2200000 7i4500 |
| 001 |
0000000421 |
| 005 |
20020712.0 |
| 020 |
0 |
0 |
|a 9211165970
|
| 090 |
0 |
0 |
|a FAO634.9809477
|b AND 1994
|
| 100 |
1 |
0 |
|a Andousypine
|h V. S.
|
| 245 |
1 |
0 |
|a Forest and forest products country profile : Ukraine
|c prepared by V.S. Andousypine
|
| 260 |
0 |
0 |
|a New York :
|b United Nations ,
|c 1994
|
| 300 |
|
|
|a 64 p. :
|b ill. ;
|c 30 cm.
|
| 440 |
0 |
0 |
|a Geneva timber and forest study papers, 1020-2269; n. 4
|
| 500 |
0 |
0 |
|a Bibliography: [p. 60-61]
|
| 650 |
0 |
0 |
|a Forest products
|z Ukraine
|x Statistics
|
| 650 |
0 |
0 |
|a Forests and forestry
|z Ukraine
|x Statistics
|
| 998 |
|
|
|a JPSM
|
| 999 |
|
|
|a 0000000263
|b Monograph
|c Food and Agriculture Organization
|e Default branch
|